ONLINE PUBLIC ACCESS CATALOG

Investment analysis and portfolio management / (Record no. 18407)

MARC details
000 -LEADER
fixed length control field 00891nam a22002417a 4500
003 - CONTROL NUMBER IDENTIFIER
control field USANT
005 - DATE AND TIME OF LATEST TRANSACTION
control field 20250827123630.0
008 - FIXED-LENGTH DATA ELEMENTS--GENERAL INFORMATION
fixed length control field 250827b |||||||| |||| 00| 0 eng d
020 ## - INTERNATIONAL STANDARD BOOK NUMBER
International Standard Book Number 9789814834711
040 ## - CATALOGING SOURCE
Original cataloging agency USANT
Language of cataloging eng
Transcribing agency USANT
Description conventions rda
082 #4 - DEWEY DECIMAL CLASSIFICATION NUMBER
Edition information 11th Edition
Classification number 332.9
Item number R362i
100 1# - MAIN ENTRY--PERSONAL NAME
Personal name Reilly, Frank K.
Relator term author.
245 1# - TITLE STATEMENT
Title Investment analysis and portfolio management /
Statement of responsibility, etc. Frank K. Reilly, Keith C. Brown, Sanford J. Leeds
260 #1 - PUBLICATION, DISTRIBUTION, ETC.
Place of publication, distribution, etc. USA :
Name of publisher, distributor, etc. Cengage Learning ,
Date of publication, distribution, etc. 2019.
300 ## - PHYSICAL DESCRIPTION
Extent xxiii, 786 pages :
Other physical details figures, tables ;
Dimensions 27 cm.
504 ## - BIBLIOGRAPHY, ETC. NOTE
Bibliography, etc. note Includes comprehensive references list pages (750-761).
650 ## - SUBJECT ADDED ENTRY--TOPICAL TERM
Topical term or geographic name entry element Portfolio management.
650 ## - SUBJECT ADDED ENTRY--TOPICAL TERM
Topical term or geographic name entry element Investments.
650 ## - SUBJECT ADDED ENTRY--TOPICAL TERM
Topical term or geographic name entry element Investments analysis.
700 1# - ADDED ENTRY--PERSONAL NAME
Personal name Brown, Keith C.
Relator term author.
700 1# - ADDED ENTRY--PERSONAL NAME
Personal name Leeds, Sanford J.
Relator term author.
942 ## - ADDED ENTRY ELEMENTS (KOHA)
Source of classification or shelving scheme Dewey Decimal Classification
Koha item type Book
Edition 11th Edition
Classification part 332.9
Item part R362i
Call number prefix CIR
Call number suffix 2019
Suppress in OPAC No
Holdings
Withdrawn status Lost status Source of classification or shelving scheme Damaged status Not for loan Collection Home library Current library Shelving location Date acquired Total checkouts Full call number Barcode Date last seen Copy number Price effective from Koha item type
    Dewey Decimal Classification     Circulation College Library College Library College Library 08/27/2025   CIR 332.9 R362i 2019 71923 08/27/2025 1-1 08/27/2025 Book